| 000 | 00786nam a22002177a 4500 | ||
|---|---|---|---|
| 005 | 20180502093759.0 | ||
| 010 | _a1718EN-30 ENG-121972 B-687008-025 | ||
| 020 |
_a9780008146849 _c399.00 |
||
| 035 | _aB-687008-025 | ||
| 037 |
_bIndex International _adpl |
||
| 037 | _bDBAD/PUB | ||
| 082 | _aN | ||
| 100 | _aSheldon, Sidney | ||
| 245 |
_aSidney Sheldon's Reckless/ _cby Sidney Sheldon |
||
| 260 |
_c2015 _aNoida _bHarperCollins |
||
| 270 |
_aA-75, Sector-57, _bNoida _e201301 |
||
| 300 |
_c20cm(pbk) _a407p. |
||
| 700 | _aBagshawe, Tilly | ||
| 942 |
_cEN _2ddc _mSHE _hN |
||
| 999 |
_c145945 _d145945 |
||